000 00667nam a22002177a 4500
999 _c159967
_d159967
005 20190111125003.0
006 a|||||f|||| 00| 0
007 tc
008 180720b xxu||||| |||| 00| 0 eng d
010 _aB-218375-B-218378
020 _c16.00
035 _aB-218375
037 _bA.I.C.B.
082 _a000
245 _aQuiz
260 _aNew Delhi
_bA.C.I.B.
_cN.D.
270 _aSector-5, Rohini,
_b New Delhi
_e110085
300 _aPt-V, various pages.
_c30cm(HB).
942 _2ddc
_cBRLEN
_h000
_mQUI